The Tekenu and ancient Egyptian funerary ritual /

Attested from the Fifth Dynasty until, and including, the Saite Period, the Tekenu is a puzzling icon depicted within funerary scenes in the tombs of some ancient Egyptian nobles. In this work four distinct types of Tekenu are identified and classified and then a Corpus Catalogue is formed.

محفوظ في:

المؤلف الرئيسي: West, Glennise (مؤلف)

التنسيق: كتاب الكتروني

اللغة: English

منشور في: Summertown, Oxford : Archaeopress Publishing Ltd., 2019.

سلاسل: Archaeopress Egyptology ; 23.

الموضوعات:

الوصول للمادة أونلاين: Login to view Source

الوسوم: إضافة وسم

لا توجد وسوم, كن أول من يضع وسما على هذه التسجيلة!

رقم الطلب: DT62.T6

LEADER 01834nam a2200397 i 4500
001 EDZ0002134874
003 StDuBDS
005 20230412182507.0
006 m|||||o||d||||||||
007 cr |||||||||||
008 190522s2019 enka fob 000|0|eng|d
020 |a 9781789691832 (ebook) :  |c No price 
040 |a StDuBDS  |b eng  |c StDuBDS  |e rda  |e pn 
050 4 |a DT62.T6 
082 0 4 |a 393.0932  |2 23 
100 1 |a West, Glennise,  |e author. 
245 1 4 |a The Tekenu and ancient Egyptian funerary ritual /  |c Glennise West. 
264 1 |a Summertown, Oxford :  |b Archaeopress Publishing Ltd.,  |c 2019. 
300 |a 1 online resource (300 pages) :  |b illustrations (black and white, and colour). 
336 |a text  |2 rdacontent 
336 |a still image  |2 rdacontent 
337 |a computer  |2 rdamedia 
338 |a online resource  |2 rdacarrier 
490 1 |a Archaeopress Egyptology ;  |v 23 
500 |a Also issued in print: 2019. 
504 |a Includes bibliographical references. 
520 8 |a Attested from the Fifth Dynasty until, and including, the Saite Period, the Tekenu is a puzzling icon depicted within funerary scenes in the tombs of some ancient Egyptian nobles. In this work four distinct types of Tekenu are identified and classified and then a Corpus Catalogue is formed. 
521 |a Specialized. 
588 |a Description based on online resource; title from PDF title page (viewed on November 22, 2019). 
650 0 |a Funeral rites and ceremonies  |z Egypt  |x History  |y To 1500. 
776 0 8 |i Print version :  |z 9781789691825 
830 0 |a Archaeopress Egyptology ;  |v 23. 
856 4 0 |3 Archaeopress  |u http://library.arce.org:8087/Archaeopress/Products/9781789691825 
942 |2 lcc  |c EBOOK 
952 |0 0  |1 0  |4 0  |6 DT0062 T6  |7 1  |9 46542  |a ARCH  |b ARCH  |d 2023-04-12  |l 0  |o DT62.T6  |r 2023-04-12 00:00:00  |w 2023-04-12  |y EBOOK 
999 |c 52200  |d 52200